Alt-Hebräisches Alphabet - Statistiken

Allgemein
  • Dieses Quiz wurde 25 mal gespielt
  • Das Durchschnittsergebnis liegt bei 18 aus 20
Antwortstatistiken
Althebräische Neuhebräisch Lautwert/
Umschrift
% Korrekt
𐤁 ב b
100%
𐤃 ד d
100%
𐤂‎ ג g
100%
𐤄 ה h
100%
𐤊 כ / ך k
93%
𐤋‎ ל l
93%
𐤌‎ מ / ם m
93%
𐤍 נ / ן n
93%
𐤒 ק q | k
93%
𐤓‎ ר r
93%
𐤔 ש š | sch
93%
𐤆‎ ז s | z
93%
𐤕 ת t
93%
𐤅 ו w | v
93%
𐤇‎ ח h
86%
𐤉‎ י j | y
86%
𐤐 פ / ף p
86%
𐤎‎ ס s
86%
𐤈 ט t
86%
𐤑 צ / ץ s | z
79%
Keine übereinstimmenden Quizze gefunden
Verteilung der Resultate
Anzahl Personen mit jedem Resultat
Perzentil nach korrekt beantworteten Fragen
Ihre Resultats-Entwicklung
Sie haben dieses Quiz noch nicht gespielt